| 000 | 00514nam a2200157 a 4500 | ||
|---|---|---|---|
| 001 | 000028588 | ||
| 005 | 20200930055026.0 | ||
| 008 | 110411s2004 dr 000 0 spa d | ||
| 040 |
_aDO-SdBNP _bspa _cBNPHU |
||
| 082 |
_axxxx _bM828a |
||
| 100 | 1 |
_aMorales, Sobeyda _955542 |
|
| 245 | 1 | 0 |
_aArticulándonos por más oportunidades y derechos de las mujeres. / _cSobeyda Morales. |
| 260 |
_aSanto Domingo : _bCentro De Solidaridad para el Desarrollo de la Mujer, _c[199?]. |
||
| 300 |
_a8 p. ; _c22 cm. |
||
| 049 | _aBNPD | ||
| 999 |
_c28080 _d28080 |
||